| 000 | 01704cam a2200421 a 4500 | ||
|---|---|---|---|
| 001 | 21664 | ||
| 003 | VRT | ||
| 005 | 20260307120209.0 | ||
| 008 | 160314s1993 xo j 0000f slo | ||
| 015 | _aSNBA1993/08 | ||
| 020 | _a8006005265 | ||
| 020 |
_a8006005257 _q(sub.) |
||
| 035 | _aSNK000015222 | ||
| 039 | 9 |
_a202507221404 _bAUTHORITY _c201902121037 _dcsnk01 _c201902121021 _dcsnk01 _c201902091510 _dcsnk01 |
|
| 040 |
_aSNK _bslo _cSNK _eAACR2 |
||
| 041 | 1 |
_aslo _heng |
|
| 044 |
_axo _cSK |
||
| 080 |
_a820 (73)-3(087.5) _21981 |
||
| 100 | 1 |
_aArthur, Robert, _d1909-1969 _4aut |
|
| 240 | 1 | 4 |
_aAlfred Hitchcock and Three Investigators in The Stuttering Parrot _lSlovensky |
| 245 | 0 |
_aZáhada zajakavého papagája _cRobert Arthur ; [z anglického originálu Alfred Hitchcock and Three Investigators in The Stuttering Parrot preložila Svetlana Mrlianová-Marušiaková] |
|
| 250 | _a4. vyd. | ||
| 260 |
_aBratislava _bMladé letá _c1993 _eBanská Bystrica _fTlačiarne BB, spol. s r.o. |
||
| 300 |
_a127 s. _c21 cm |
||
| 490 | 1 |
_aAlfred Hitchcock a traja pátrači _v2 |
|
| 500 | _aPre čitateľov od 9 rokov | ||
| 655 | 7 |
_aamerické romány _2SNKPH |
|
| 655 | 7 |
_adetektívne romány _2SNKPH |
|
| 655 | 7 |
_adorodružné romány _2SNKPH |
|
| 655 | 7 |
_apublikácie pre deti a mládež _2SNKPH |
|
| 700 | 1 |
_aMrlianová-Marušiaková, Svetlana, _d1945-1993 _4trl |
|
| 942 |
_2ddc _cKLDE _n0 |
||
| 949 |
_617A1010336 _asnkSC 84148/2 |
||
| 949 |
_617A0263277 _9P60, <05>, [BOOK], {605} _asnkSC 84148/2 D1 _bsnkKSP 6585/93 |
||
| 949 |
_6270001000025567 _asvkbbA 84031 _bsvkbbm 579580 |
||
| 949 |
_6273K0202175 _asvkpoA 161148 _bsvkpo397908 _oPV 1010/94 |
||
| 999 |
_c21664 _d21664 |
||